000 005440000a22001810004500
003 MACL
005 20160221131332.0
008 160221b xxu||||| |||| 00| 0 eng d
040 _aMACL
_cMACL
041 _aHindi
082 _a370.54
100 _aप्रसाद राजेन्‍द्र
_939284
245 _aभारतीय शिक्षा
260 _bआत्‍माराम एण्‍ड संस
_c1953
_aनई दिल्‍ली
350 _a3
650 _aEducation
_939444
942 _cHIN
_k370
_2ddc
999 _c23637
_d23637